The changing earth
Αποθηκεύτηκε σε:
| Κύριος συγγραφέας: | |
|---|---|
| Μορφή: | Βιβλίο |
| Γλώσσα: | English |
| Δημοσίευση: |
London :
Macdonald Educational,
1985.
|
| Σειρά: | Just look at--
|
| Θέματα: | |
| Ετικέτες: |
Προσθήκη ετικέτας
Δεν υπάρχουν, Καταχωρήστε ετικέτα πρώτοι!
|
MARC
| LEADER | 00000cam a2200000 i 4500 | ||
|---|---|---|---|
| 001 | 1/1173 | ||
| 008 | 950707s1985 enk| ||| |||| ||eng|| | ||
| 020 | |a 0356111822 | ||
| 035 | |l 10014342 | ||
| 040 | |a GR-MyUa |b gre |e AACR2 | ||
| 041 | 0 | |a eng | |
| 082 | 7 | |a 550 |2 (22) | |
| 100 | 1 | |a Lye, Keith. | |
| 245 | 1 | 4 | |a The changing earth / |c Keith Lye. |
| 260 | |a London : |b Macdonald Educational, |c 1985. | ||
| 300 | |a 45 σ. ; |c 27 εκ. | ||
| 490 | 1 | |a Just look at-- | |
| 651 | 0 | |a Earth (Planet) |x Juvenile literature. | |
| 830 | 0 | |a Just look at-- | |
| 852 | |a INST |b LESVOS |e 19950707 |h 550 LYE |p 005100007879 |q 005100007879 |t BK |y 0 | ||
| 922 | |a 1ΕΛΗ |b 199004 |c ΠΠ/9503 | ||